Εισαγωγή εις την ιστορίαν της πολιτικής επιστήμης

Αποθηκεύτηκε σε:
Λεπτομέρειες βιβλιογραφικής εγγραφής
Κύριος συγγραφέας: Pollock, Frederick, 1845-1937
Μορφή: Βιβλίο
Γλώσσα:Greek
Δημοσίευση: Θεσσαλονίκη : Δ. Καψάλης, 1926
Θέματα:
Ετικέτες: Προσθήκη ετικέτας
Δεν υπάρχουν, Καταχωρήστε ετικέτα πρώτοι!

MARC

LEADER 00000cam a2200000 i 4500
001 1/6219
008 000611s1926 gre d
035 |l 10061857 
040 |a GR-MY-UA  |b gre  |e aacr 
041 0 |a gre 
082 0 |a 320.01 
100 1 |a Pollock, Frederick,   |d 1845-1937. 
245 1 0 |a Εισαγωγή εις την ιστορίαν της πολιτικής επιστήμης /  |c υπό Frederick Pollock ; κατά μετάφρασιν Δ. Καψάλη και Γ. Κατσικέα 
260 |a Θεσσαλονίκη :   |b Δ. Καψάλης,   |c 1926 
300 |a 151 σ. 
504 |a Περιέχει ευρετήριο 
650 0 0 |a Political science  |x History. 
852 |a INST  |b LESVOS  |e 20000611  |h 320.01 POL  |p 005100023568  |q 005100023568  |t BK  |y 0 
901 |a BIBL1-2000-2 
970 |z 2000/06/ΓΕΩΡΓΙΑ